<?xml version='1.0' encoding='UTF-8'?><?xml-stylesheet href='static/style.xsl' type='text/xsl'?><OAI-PMH xmlns="http://www.openarchives.org/OAI/2.0/" xmlns:xsi="http://www.w3.org/2001/XMLSchema-instance" xsi:schemaLocation="http://www.openarchives.org/OAI/2.0/ http://www.openarchives.org/OAI/2.0/OAI-PMH.xsd"><responseDate>2026-04-30T17:36:05Z</responseDate><request verb="GetRecord" identifier="oai:ebiltegia.mondragon.edu:20.500.11984/5763" metadataPrefix="marc">https://ebiltegia.mondragon.edu/oai/request</request><GetRecord><record><header><identifier>oai:ebiltegia.mondragon.edu:20.500.11984/5763</identifier><datestamp>2024-02-29T15:03:52Z</datestamp><setSpec>com_20.500.11984_1143</setSpec><setSpec>col_20.500.11984_1148</setSpec></header><metadata><record xmlns="http://www.loc.gov/MARC21/slim" xmlns:dcterms="http://purl.org/dc/terms/" xmlns:xsi="http://www.w3.org/2001/XMLSchema-instance" xmlns:doc="http://www.lyncode.com/xoai" xsi:schemaLocation="http://www.loc.gov/MARC21/slim http://www.loc.gov/standards/marcxml/schema/MARC21slim.xsd">
   <leader>00925njm 22002777a 4500</leader>
   <datafield ind2=" " ind1=" " tag="042">
      <subfield code="a">dc</subfield>
   </datafield>
   <datafield ind2=" " ind1=" " tag="720">
      <subfield code="a">Artetxe Azurmendi, Xabier</subfield>
      <subfield code="e">author</subfield>
   </datafield>
   <datafield ind2=" " ind1=" " tag="720">
      <subfield code="a">Urrutibeaskoa, Idoia</subfield>
      <subfield code="e">author</subfield>
   </datafield>
   <datafield ind2=" " ind1=" " tag="720">
      <subfield code="a">Soler Mallol, Daniel</subfield>
      <subfield code="e">author</subfield>
   </datafield>
   <datafield ind2=" " ind1=" " tag="260">
      <subfield code="c">2017</subfield>
   </datafield>
   <datafield ind2=" " ind1=" " tag="520">
      <subfield code="a">Lead-acid batteries have consistently accounted for the largest market share of secondary batteries. However, there is still significant opportunity for improvement of lead-acid battery technology. Typically, lead-acid batteries do not make use of more than 25-35 % of their active materials. To date, there have been few reports of techniques for monitoring of the internal processes which occur during operation of lead-acid batteries. Neutron imaging presents a novel technique for in operando monitoring of lead-acid batteries; however, it requires an appropriately designed leadacid battery. The neutron beam has to pass through the battery without attenuation, carrying information about the inner components. In this work we have designed, optimized and validated a neutron-friendly lead-acid battery, using deuterated electrolyte and a neutron transparent casing.</subfield>
   </datafield>
   <datafield ind2=" " ind1=" " tag="520">
      <subfield code="a">Gaurko egunean, berun-azido bateriek mantentzen dute bateria sekundarioen merkatu-kuotarik handiena oraindik ere. Hala ere, berun-azido bateriaren teknologia hobetzeko tarte esanguratsua dago, azken finean, bere material aktiboen % 25-35 baino ez duelako erabiltzen normalean. Gaur arte, berunazido baterien barne-fenomenoak monitorizatzeko tekniken inguruko ikerketa-lan gutxi dago. Neutroiak erabiltzen dituzten teknikak egokiak izan daitezke berun-azido bateria in operando monitorizatzeko. Horretarako, espresuki diseinaturiko berun-azido bateria beharrezkoa da. Neutroiizpia ahultzerik gabe pasatu behar da baterian zehar, barne-elementuetako informazioa azaleratuz. Lan honetan horrelako bateria diseinatu, optimizatu eta egiaztatu dugu, elektrolito deuteratua eta neutroiekiko gardena den karkasa erabiliz.</subfield>
   </datafield>
   <datafield ind1="8" ind2=" " tag="024">
      <subfield code="a">978-84-8438-632-2</subfield>
   </datafield>
   <datafield ind1="8" ind2=" " tag="024">
      <subfield code="a">https://katalogoa.mondragon.edu/janium-bin/janium_login_opac.pl?find&amp;ficha_no=126845</subfield>
   </datafield>
   <datafield ind1="8" ind2=" " tag="024">
      <subfield code="a">https://hdl.handle.net/20.500.11984/5763</subfield>
   </datafield>
   <datafield tag="653" ind2=" " ind1=" ">
      <subfield code="a">berun-azido bateria</subfield>
   </datafield>
   <datafield tag="653" ind2=" " ind1=" ">
      <subfield code="a">neutroien bidezko irudiak</subfield>
   </datafield>
   <datafield tag="653" ind2=" " ind1=" ">
      <subfield code="a">in operando</subfield>
   </datafield>
   <datafield tag="653" ind2=" " ind1=" ">
      <subfield code="a">elektrolito deuteratua</subfield>
   </datafield>
   <datafield tag="653" ind2=" " ind1=" ">
      <subfield code="a">erradiografia</subfield>
   </datafield>
   <datafield tag="653" ind2=" " ind1=" ">
      <subfield code="a">lead-acid battery</subfield>
   </datafield>
   <datafield tag="653" ind2=" " ind1=" ">
      <subfield code="a">neutron imaging</subfield>
   </datafield>
   <datafield tag="653" ind2=" " ind1=" ">
      <subfield code="a">in operando</subfield>
   </datafield>
   <datafield tag="653" ind2=" " ind1=" ">
      <subfield code="a">deuterated electrolyte</subfield>
   </datafield>
   <datafield tag="653" ind2=" " ind1=" ">
      <subfield code="a">radiography</subfield>
   </datafield>
   <datafield ind2="0" ind1="0" tag="245">
      <subfield code="a">Neutroi-tekniketarako egokia den lehenengo berun-azido bateriaren diseinua eta optimizazioa</subfield>
   </datafield>
</record></metadata></record></GetRecord></OAI-PMH>